[Event "Turkish Championship 2019"]
[Site "Antalya-Kemer"]
[Date "2019.11.30"]
[Round "8.2"]
[White "Gokerkan, Cem Kaan"]
[Black "Sanal, Vahap"]
[Result "0-1"]
[WhiteElo "2452"]
[BlackElo "2545"]
[Annotator "ChessBase"]
[PlyCount "126"]
[EventDate "2019.11.23"]
[EventType "tourn"]
[EventCountry "TUR"]
[SourceTitle "playchess.com"]
[Source "ChessBase"]
[SourceQuality "1"]
[TimeControl "40/5400+30:1800+30"]

1. e4 {[%emt 0:00:30]} e5 {[%emt 0:00:30]} 2. Nf3 {[%emt 0:00:00]} Nc6 {[%emt 0:00:30]} 3. Bc4 {[%emt 0:00:00]} Nf6 {[%emt 0:00:30]} 4. d3 {[%emt 0:00:30]} h6 {[%emt 0:00:00]} 5. Nc3 {[%emt 0:12:30]} d6 {[%emt 0:00:00]} 6. a4 {[%emt 0:03:30]} g5 {[%emt 0:01:30]} 7. Be3 {[%emt 0:06:30]} Bg7 {[%emt 0:01:30]} 8. Qd2 {[%emt 0:09:30]} Be6 {[%emt 0:04:30]} 9. O-O-O {[%emt 0:09:30]} d5 {[%emt 0:04:30]} 10. exd5 {[%emt 0:02:30]} Nxd5 {[%emt 0:00:30]} 11. Rhe1 {[%emt 0:08:30]} O-O {[%emt 0:03:30]} 12. Bxd5 {[%emt 0:02:30]} Bxd5 {[%emt 0:00:30]} 13. h4 {[%emt 0:00:00]} f6 {[%emt 0:05:30]} 14. hxg5 {[%emt 0:00:00]} fxg5 {[%emt 0:03:30]} 15. Nxd5 {[%emt 0:10:30]} Qxd5 {[%emt 0:00:30]} 16. c4 {[%emt 0:00:00]} Qd6 {[%emt 0:07:30]} 17. Qc2 {[%emt 0:07:00]} Nb4 {[%emt 0:04:30]} 18. Qb3 {[%emt 0:00:30]} c5 {[%emt 0:00:30]} 19. Re2 {[%emt 0:05:30]} Rad8 {[%emt 0:01:30]} 20. Red2 {[%emt 0:04:26]} Nc6 {[%emt 0:09:30]} 21. Ng1 {[%emt 0:04:16]} Na5 {[%emt 0:01:30]} 22. Qa3 {[%emt 0:00:51]} Qb6 {[%emt 0:10:30]} 23. Kc2 {[%emt 0:00:34]} e4 {[%emt 0:01:30]} 24. Bxc5 {[%emt 0:10:18]} exd3+ {[%emt 0:01:30]} 25. Rxd3 {[%emt 0:00:01]} Rxd3 {[%emt 0:01:30]} 26. Rxd3 {[%emt 0:00:37]} Rxf2+ {[%emt 0:00:30]} 27. Bxf2 {[%emt 0:00:24]} Qxf2+ {[%emt 0:01:30]} 28. Kb1 {[%emt 0:00:01]} Qxg1+ {[%emt 0:01:30]} 29. Ka2 {[%emt 0:00:00]} Qb6 {[%emt 0:07:30]} 30. c5 {[%emt 0:02:08]} Qe6+ {[%emt 0:01:30]} 31. Kb1 {[%emt 0:00:04]} Qe4 {[%emt 0:02:30]} 32. Qa2+ {[%emt 0:01:28]} Nc4 {[%emt 0:00:30]} 33. Qb3 {[%emt 0:00:00]} Kh7 {[%emt 0:04:26]} 34. Ka2 {[%emt 0:00:01]} Nxb2 35. Rd7 {[%emt 0:00:05]} Nxa4 {[%emt 0:04:32]} 36. Rd8 {[%emt 0:01:00]} Nc3+ {[%emt 0:12:12]} 37. Ka3 {[%emt 0:00:31]} Nb1+ {[%emt 0:00:30]} 38. Ka2 {[%emt 0:00:30]} Nc3+ {[%emt 0:00:00]} 39. Ka3 {[%emt 0:00:00]} Qe7 {[%emt 0:01:40]} 40. Qg8+ {[%emt 0:02:50]} Kg6 {[%emt 0:00:00]} 41. Rd6+ {[%emt 0:04:55]} Kh5 {[%emt 0:01:10]} 42. Qc4 {[%emt 0:03:30]} Qe3 {[%emt 0:04:30]} 43. Kb4 {[%emt 0:13:10]} Ne4 {[%emt 0:01:30]} 44. Rd1 {[%emt 0:04:06]} Bc3+ {[%emt 0:05:30]} 45. Kb5 {[%emt 0:00:43]} a6+ {[%emt 0:12:25]} 46. Kb6 {[%emt 0:00:04]} Nxc5 {[%emt 0:02:11]} 47. Rh1+ {[%emt 0:04:06]} Kg6 {[%emt 0:00:01]} 48. Rh3 {[%emt 0:00:32]} Qe4 {[%emt 0:04:10]} 49. Qg8+ {[%emt 0:02:37]} Bg7 {[%emt 0:00:32]} 50. Rf3 {[%emt 0:00:13]} Nd7+ {[%emt 0:00:00]} 51. Ka7 {[%emt 0:00:00]} Nf6 {[%emt 0:00:30]} 52. Qc8 {[%emt 0:00:04]} h5 {[%emt 0:00:39]} 53. Rb3 {[%emt 0:01:02]} b5 {[%emt 0:00:28]} 54. Qxa6 {[%emt 0:00:26]} Qe7+ {[%emt 0:02:25]} 55. Qb7 {[%emt 0:00:10]} Qxb7+ {[%emt 0:00:37]} 56. Kxb7 {[%emt 0:00:30]} Ne4 {[%emt 0:00:00]} 57. Kc6 {[%emt 0:00:00]} Nc3 {[%emt 0:00:00]} 58. Ra3 {[%emt 0:00:08]} Kf5 {[%emt 0:00:02]} 59. Ra7 {[%emt 0:00:40]} Be5 {[%emt 0:00:06]} 60. Rh7 {[%emt 0:00:00]} h4 {[%emt 0:00:16]} 61. Kd7 {[%emt 0:00:21]} b4 {[%emt 0:00:09]} 62. Kc6 {[%emt 0:00:44]} b3 {[%emt 0:00:30]} 63. Rb7 {[%emt 0:00:30]} Ne2 {[%emt 0:00:00]} 0-1

[Event "Turkish Championship 2019"]
[Site "Antalya-Kemer"]
[Date "2019.11.30"]
[Round "8.3"]
[White "Cansun, Can Alp"]
[Black "Yuksel, Atilla Koksal"]
[Result "1-0"]
[WhiteElo "2203"]
[BlackElo "2250"]
[Annotator "NA"]
[PlyCount "59"]
[EventDate "2019.11.23"]
[EventType "tourn"]
[EventCountry "TUR"]
[SourceTitle "playchess.com"]
[Source "ChessBase"]
[SourceQuality "1"]
[TimeControl "40/5400+30:1800+30"]

1. e4 {[%emt 0:00:30]} c5 {[%emt 0:01:30]} 2. Nf3 {[%emt 0:00:00]} Nc6 {[%emt 0:00:30]} 3. d4 {[%emt 0:00:00]} cxd4 {[%emt 0:00:30]} 4. Nxd4 {[%emt 0:00:00]} Qb6 {[%emt 0:00:30]} 5. Nb3 {[%emt 0:00:00]} Nf6 {[%emt 0:00:30]} 6. Nc3 {[%emt 0:00:30]} e6 {[%emt 0:00:30]} 7. g3 {[%emt 0:01:30]} a6 {[%emt 0:03:30]} 8. Bg2 {[%emt 0:00:00]} d6 {[%emt 0:03:30]} 9. O-O {[%emt 0:00:00]} Be7 {[%emt 0:00:30]} 10. a4 {[%emt 0:03:30]} Na5 {[%emt 0:04:30]} 11. Kh1 {[%emt 0:06:30]} O-O {[%emt 0:12:30]} 12. f4 {[%emt 0:07:30]} Nc4 {[%emt 0:03:30]} 13. a5 {[%emt 0:02:30]} Qc7 {[%emt 0:00:30]} 14. g4 {[%emt 0:00:30]} Nd7 {[%emt 0:01:30]} 15. g5 {[%emt 0:04:30]} g6 {[%emt 0:11:30]} 16. f5 {[%emt 0:06:30]} Re8 {[%emt 0:01:30]} 17. fxe6 {[%emt 0:01:30]} fxe6 {[%emt 0:00:30]} 18. Nd5 {[%emt 0:02:30]} Qd8 {[%emt 0:02:30]} 19. Nd4 {[%emt 0:05:30]} Nf8 {[%emt 0:22:30]} 20. Nf6+ {[%emt 0:04:30]} Bxf6 {[%emt 0:00:30]} 21. gxf6 {[%emt 0:00:30]} Ne5 {[%emt 0:00:30]} 22. Nf3 {[%emt 0:07:30]} Nf7 {[%emt 0:01:30]} 23. Ng5 {[%emt 0:00:30]} Qc7 {[%emt 0:03:30]} 24. Nxf7 {[%emt 0:02:30]} Kxf7 {[%emt 0:00:30]} 25. Qd2 {[%emt 0:00:30]} Rd8 {[%emt 0:05:13]} 26. Qh6 {[%emt 0:00:30]} Rd7 {[%emt 0:00:22]} 27. Be3 {[%emt 0:12:30]} b5 {[%emt 0:06:18]} 28. axb6 {[%emt 0:00:30]} Qb7 {[%emt 0:00:30]} 29. e5 {[%emt 0:00:30]} d5 {[%emt 0:00:04]} 30. Bc5 {[%emt 0:00:00]} 1-0

[Event "Turkish Championship 2019"]
[Site "Antalya-Kemer"]
[Date "2019.11.30"]
[Round "8.4"]
[White "Sevgi, Volkan"]
[Black "Koksal, Ege"]
[Result "1-0"]
[WhiteElo "2325"]
[BlackElo "2375"]
[Annotator "NA"]
[PlyCount "115"]
[EventDate "2019.11.23"]
[EventType "tourn"]
[EventCountry "TUR"]
[SourceTitle "playchess.com"]
[Source "ChessBase"]
[SourceQuality "1"]
[TimeControl "40/5400+30:1800+30"]

1. e4 {[%emt 0:00:30]} e5 {[%emt 0:00:30]} 2. Nf3 {[%emt 0:00:30]} Nc6 {[%emt 0:00:00]} 3. Bc4 {[%emt 0:00:00]} Bc5 {[%emt 0:00:00]} 4. c3 {[%emt 0:00:00]} Nf6 {[%emt 0:00:00]} 5. d4 {[%emt 0:00:00]} exd4 {[%emt 0:01:00]} 6. e5 {[%emt 0:00:00]} d5 {[%emt 0:00:30]} 7. Bb5 {[%emt 0:00:30]} Ne4 {[%emt 0:02:30]} 8. cxd4 {[%emt 0:00:00]} Bb6 {[%emt 0:05:30]} 9. Nc3 {[%emt 0:00:00]} O-O {[%emt 0:00:30]} 10. Be3 {[%emt 0:00:30]} Bg4 {[%emt 0:02:30]} 11. h3 {[%emt 0:00:30]} Bh5 {[%emt 0:01:30]} 12. Qc2 {[%emt 0:00:00]} Ba5 {[%emt 0:03:30]} 13. O-O {[%emt 0:04:00]} Bxf3 {[%emt 0:10:30]} 14. gxf3 {[%emt 0:05:30]} Nxd4 {[%emt 0:10:30]} 15. Bxd4 {[%emt 0:02:30]} Bxc3 {[%emt 0:01:30]} 16. Be3 {[%emt 0:11:30]} Bxe5 {[%emt 0:00:00]} 17. fxe4 {[%emt 0:01:30]} Qh4 {[%emt 0:00:00]} 18. Kg2 {[%emt 0:36:30]} dxe4 {[%emt 0:02:30]} 19. f4 {[%emt 0:00:30]} exf3+ {[%emt 0:01:30]} 20. Rxf3 {[%emt 0:00:30]} Kh8 {[%emt 0:03:30]} 21. Qf5 {[%emt 0:04:30]} f6 {[%emt 0:01:30]} 22. Bd3 {[%emt 0:04:30]} Rad8 {[%emt 0:01:30]} 23. Bf2 {[%emt 0:15:27]} Qh6 {[%emt 0:01:30]} 24. Be3 {[%emt 0:00:13]} Qh4 {[%emt 0:01:30]} 25. Rd1 {[%emt 0:00:30]} b6 {[%emt 0:00:30]} 26. b3 {[%emt 0:00:56]} c5 {[%emt 0:01:30]} 27. Qg4 {[%emt 0:02:12]} Qxg4+ {[%emt 0:00:30]} 28. hxg4 {[%emt 0:00:01]} Rd6 {[%emt 0:01:30]} 29. Bc2 {[%emt 0:00:26]} Rxd1 {[%emt 0:00:30]} 30. Bxd1 {[%emt 0:00:30]} Rd8 {[%emt 0:00:00]} 31. Be2 {[%emt 0:00:25]} Kg8 {[%emt 0:02:00]} 32. Rf1 {[%emt 0:00:10]} Kf7 {[%emt 0:00:30]} 33. Kf3 {[%emt 0:00:14]} Ke7 {[%emt 0:00:30]} 34. Rh1 {[%emt 0:00:28]} h6 {[%emt 0:00:30]} 35. Ke4 {[%emt 0:01:00]} Bd4 {[%emt 0:02:30]} 36. Rd1 {[%emt 0:02:03]} Bxe3 {[%emt 0:00:30]} 37. Rxd8 {[%emt 0:00:00]} Kxd8 {[%emt 0:00:00]} 38. Kxe3 {[%emt 0:00:00]} g6 {[%emt 0:00:00]} 39. Bd3 {[%emt 0:00:00]} h5 {[%emt 0:00:30]} 40. Bxg6 {[%emt 0:02:47]} hxg4 {[%emt 0:00:00]} 41. Kf4 {[%emt 0:07:08]} Kc7 {[%emt 0:01:00]} 42. Kxg4 {[%emt 0:03:30]} b5 {[%emt 0:00:30]} 43. Kf4 {[%emt 0:02:30]} Kb6 {[%emt 0:00:00]} 44. Bc2 {[%emt 0:01:30]} a5 {[%emt 0:10:00]} 45. Ke3 {[%emt 0:01:30]} Kc6 {[%emt 0:02:30]} 46. Be4+ {[%emt 0:01:30]} Kd6 {[%emt 0:01:30]} 47. Bd3 {[%emt 0:01:30]} Kc6 {[%emt 0:00:00]} 48. Be4+ {[%emt 0:05:41]} Kd6 {[%emt 0:00:00]} 49. Kd3 {[%emt 0:00:13]} Kc7 {[%emt 0:00:30]} 50. Kc3 {[%emt 0:00:46]} Kb6 {[%emt 0:00:30]} 51. Bg6 {[%emt 0:00:29]} Kc7 {[%emt 0:00:30]} 52. Be8 {[%emt 0:00:37]} Kb6 {[%emt 0:00:30]} 53. a4 {[%emt 0:00:15]} bxa4 {[%emt 0:00:30]} 54. bxa4 {[%emt 0:00:11]} f5 {[%emt 0:00:30]} 55. Bh5 {[%emt 0:00:12]} Kc6 {[%emt 0:02:30]} 56. Kc4 {[%emt 0:00:07]} f4 {[%emt 0:00:00]} 57. Bf3+ {[%emt 0:00:34]} Kd6 {[%emt 0:00:00]} 58. Bh1 {[%emt 0:00:00]} 1-0

[Event "Turkish Championship 2019"]
[Site "Antalya-Kemer"]
[Date "2019.11.30"]
[Round "8.5"]
[White "Yilmaz, Mustafa"]
[Black "Kamer, Kayra"]
[Result "1-0"]
[WhiteElo "2605"]
[BlackElo "2329"]
[Annotator "TA"]
[PlyCount "81"]
[EventDate "2019.11.23"]
[EventType "tourn"]
[EventCountry "TUR"]
[SourceTitle "playchess.com"]
[Source "ChessBase"]
[SourceQuality "1"]

{[%evp 20,81,40,20,66,60,63,13,74,65,77,77,74,76,81,84,75,95,98,44,32,45,39,43,32,37,77,50,47,39,140,155,151,120,430,447,449,447,403,416,623,635,625,622,696,699,712,704,788,787,944,922,951,916,534,973,961,957,924,892,815,658,719,776]} 1. d4 Nf6 2. c4 g6 3. Nc3 Bg7 4. e4 d6 5. Be2 O-O 6. Nf3 e5 7. O-O Nc6 8. d5 Ne7 9. b4 a5 10. bxa5 Rxa5 ({Predecessor:} 10... c5 11. Bd2 Rxa5 {1-0 (33) Hole,O (2324)-Kaasen,T (2396) Sarpsborg 2018}) 11. a4 c5 $146 {E97: King's Indian: Classical Main Line (6...e5 7 0-0 Nc6): 8 Be3 and 8 d5 Ne7, not 9 Ne1} (11... Nh5 12. Re1 f5 13. Ra3 Nf6 14. Bf1 h6 15. Bd2 c5 16. exf5 Nxf5 17. Nb5 Ra6 18. h3 e4 19. Nh2 {1-0 (55) Yuffa,D (2571)-Salem,A (2668) Abu Dhabi 2019}) 12. Bd2 Ra6 13. Qc2 Ne8 (13... Nh5 $11 {remains equal.}) 14. Ra3 f5 15. Ng5 h6 16. Ne6 Bxe6 17. dxe6 Nc7 18. Rb1 b6 19. Qc1 (19. exf5 $16 gxf5 20. Qc1) 19... Kh7 20. Nd5 $36 {[%mdl 2048] White has some pressure.} Nxe6 21. exf5 Nxf5 22. Bd3 Ned4 23. Qe1 Rf7 24. Ra2 Qe8 (24... Ne6 $14) 25. Nxb6 $16 Qe6 26. Qe4 Rxb6 $2 {[%mdl 8192]} (26... Bf6 $16) 27. Rxb6 $18 d5 {[#]} 28. Qxf5 $1 {[%mdl 512]} gxf5 (28... Nxf5 29. Rxe6) 29. Rxe6 e4 (29... Nxe6 $142 30. cxd5 Nd4) 30. Rd6 {White is clearly winning.} exd3 31. Rxd5 Rb7 {[#] ( -> ...Rb1+)} 32. g3 f4 33. gxf4 Ne2+ 34. Kg2 Bd4 35. Ra3 Rg7+ 36. Kf3 Ng1+ 37. Ke4 Nh3 38. Kxd3 Nxf2+ 39. Ke2 Ne4 40. Be3 Nc3+ 41. Kf3 {Accuracy: White = 77%, Black = 44%.} 1-0

[Event "Turkish Championship 2019"]
[Site "Antalya-Kemer"]
[Date "2019.12.01"]
[Round "9.1"]
[White "Koksal, Ege"]
[Black "Yilmaz, Mustafa"]
[Result "0-1"]
[WhiteElo "2375"]
[BlackElo "2605"]
[Annotator "TA"]
[PlyCount "72"]
[EventDate "2019.11.23"]
[EventType "tourn"]
[EventCountry "TUR"]
[SourceTitle "playchess.com"]
[Source "ChessBase"]
[SourceQuality "1"]

{[%evp 19,72,0,0,0,0,0,0,-23,-10,-45,0,-33,-29,-36,-37,-44,-36,-32,-22,-114,-22,-81,-81,-80,-87,-80,-77,-100,-100,-93,-93,-125,-140,-485,-469,-427,-389,-3510,-1119,-12831,-12831,-12829,-12821,-29986,-29987,-29994,-29994,-29996,-29991,-29991,-29992,-29992,-29993,-29993,-29994]} 1. d4 Nf6 2. c4 e6 3. Nf3 c5 4. e3 d5 5. cxd5 exd5 6. Nc3 Nc6 7. Be2 cxd4 8. Nxd4 Bd6 9. O-O O-O 10. Nxc6 bxc6 11. b3 $1 {D32: Tarrasch Defence: Sidelines and lines without g3} Qc7 12. g3 Bh3 13. Re1 {The position is equal.} h5 14. Bf3 $146 {[#]} ({Predecessor:} 14. Bf1 Bxf1 15. Rxf1 h4 16. Qf3 Qd7 17. Bb2 Ng4 18. Ne2 Ne5 19. Bxe5 Bxe5 {½-½ (31) Kogan,B (2445)-Buturin,V (2370) Odessa 1972}) 14... h4 $1 {[%cal Rh4g3][%mdl 512]} 15. Bg2 (15. gxh4 Qe7) 15... Bxg2 16. Kxg2 Be5 17. Bb2 Rfe8 $36 {[%mdl 2048] Black is pushing.} 18. Rc1 Rad8 19. Qf3 {[#]} (19. Nb5 $11 {remains equal.} Qd7 20. Bxe5 Rxe5 21. Nd4) 19... Ne4 $1 {[%mdl 512]} 20. Rc2 (20. Qg4 $11 {keeps the balance.}) (20. Nxe4 Bxb2) 20... Qc8 {aiming for ...Ng5.} 21. Nxe4 {Ng5 is the strong threat.} h3+ 22. Kg1 {Strongly threatening Bxe5.} dxe4 23. Qh5 Bxb2 24. Rxb2 Rd5 25. Qh4 Ree5 26. Rc2 $2 {[%mdl 8192]} (26. f4 $17 {is more resistant.} exf3 27. Qf4) 26... Qe6 $19 27. f3 exf3 28. e4 $2 (28. Qf4 Rd3 29. Rf2) 28... f5 (28... g5 $142 29. Rxc6 Qxc6 30. Qg4 Qc5+ 31. Kf1 f2 32. Qe2 fxe1=Q+ 33. Qxe1 {[#]} Qc2 $1 {[%mdl 576] Double Attack} 34. Qe2 Rd2 35. Qxd2 Qxd2 36. a4 Rxe4 37. Kg1 Qg2#) 29. Qxh3 Rxe4 30. Rf1 Re2 31. Rc3 Rg2+ {Black mates.} 32. Kh1 Rdd2 33. Qh4 Rxh2+ 34. Qxh2 Rxh2+ 35. Kxh2 Qe2+ {[%mdl 64] Double Attack} 36. Kh3 Qxf1+ {Accuracy: White = 25%, Black = 54%.} 0-1

[Event "Turkish Championship 2019"]
[Site "Antalya-Kemer"]
[Date "2019.12.01"]
[Round "9.2"]
[White "Yuksel, Atilla Koksal"]
[Black "Sevgi, Volkan"]
[Result "1-0"]
[WhiteElo "2250"]
[BlackElo "2325"]
[Annotator "ChessBase"]
[PlyCount "130"]
[EventDate "2019.11.23"]
[EventType "tourn"]
[EventCountry "TUR"]
[SourceTitle "playchess.com"]
[Source "ChessBase"]
[SourceQuality "1"]
[TimeControl "40/5400+30:1800+30"]

1. e4 {[%emt 0:01:30]} c5 {[%emt 0:00:30]} 2. Nc3 {[%emt 0:00:30]} a6 {[%emt 0:01:30]} 3. a4 {[%emt 0:00:30]} e6 {[%emt 0:00:30]} 4. Bc4 {[%emt 0:00:30]} Nf6 {[%emt 0:00:30]} 5. e5 {[%emt 0:08:30]} d5 {[%emt 0:00:30]} 6. exf6 {[%emt 0:00:30]} dxc4 {[%emt 0:00:00]} 7. fxg7 {[%emt 0:00:30]} Bxg7 {[%emt 0:00:00]} 8. Qg4 {[%emt 0:00:30]} O-O {[%emt 0:25:30]} 9. Qxc4 {[%emt 0:03:30]} Nc6 {[%emt 0:00:30]} 10. Nf3 {[%emt 0:06:30]} Nd4 {[%emt 0:03:30]} 11. Nxd4 {[%emt 0:05:30]} cxd4 {[%emt 0:00:30]} 12. Ne4 {[%emt 0:02:30]} b5 {[%emt 0:10:30]} 13. Qe2 {[%emt 0:04:30]} Qd5 {[%emt 0:03:30]} 14. O-O {[%emt 0:05:30]} Bb7 {[%emt 0:00:30]} 15. f3 {[%emt 0:00:30]} f5 {[%emt 0:02:30]} 16. Nf2 {[%emt 0:02:30]} e5 {[%emt 0:02:30]} 17. d3 {[%emt 0:00:30]} Rac8 {[%emt 0:00:30]} 18. axb5 {[%emt 0:02:30]} axb5 {[%emt 0:00:30]} 19. Bg5 {[%emt 0:00:30]} Rc6 {[%emt 0:03:30]} 20. Kh1 {[%emt 0:06:30]} Rfc8 {[%emt 0:03:30]} 21. Rfc1 {[%emt 0:01:30]} R8c7 {[%emt 0:04:30]} 22. Ra5 {[%emt 0:14:30]} h6 {[%emt 0:04:30]} 23. Bh4 {[%emt 0:00:30]} Rc5 {[%emt 0:02:30]} 24. Nd1 {[%emt 0:06:30]} e4 {[%emt 0:03:30]} 25. fxe4 {[%emt 0:03:30]} fxe4 {[%emt 0:00:00]} 26. Nf2 {[%emt 0:00:30]} e3 {[%emt 0:10:59]} 27. Ne4 {[%emt 0:00:30]} Rf7 {[%emt 0:01:19]} 28. Nxc5 {[%emt 0:01:30]} Qxc5 {[%emt 0:06:52]} 29. Raa1 {[%emt 0:00:30]} Be5 {[%emt 0:02:23]} 30. Rg1 {[%emt 0:03:24]} Rg7 {[%emt 0:01:43]} 31. Raf1 {[%emt 0:00:55]} Bd6 {[%emt 0:00:28]} 32. Bf6 {[%emt 0:01:27]} Rg6 {[%emt 0:01:05]} 33. c3 {[%emt 0:01:51]} dxc3 {[%emt 0:02:17]} 34. bxc3 {[%emt 0:00:09]} Bc7 {[%emt 0:02:54]} 35. d4 {[%emt 0:05:06]} Qc6 {[%emt 0:00:53]} 36. Be5 {[%emt 0:02:46]} Bxe5 {[%emt 0:00:30]} 37. dxe5 {[%emt 0:00:00]} Qxc3 {[%emt 0:00:36]} 38. Qa2+ {[%emt 0:00:01]} Qc4 {[%emt 0:00:22]} 39. Qxc4+ {[%emt 0:01:13]} bxc4 {[%emt 0:00:03]} 40. Re1 {[%emt 0:00:00]} Kf7 {[%emt 0:00:00]} 41. Rxe3 {[%emt 0:03:08]} Ke6 {[%emt 0:03:06]} 42. Re2 {[%emt 0:00:30]} Rg4 {[%emt 0:05:30]} 43. Rb1 {[%emt 0:05:30]} Be4 {[%emt 0:00:30]} 44. Rb6+ {[%emt 0:01:30]} Kxe5 {[%emt 0:01:30]} 45. Rxh6 {[%emt 0:00:00]} c3 {[%emt 0:00:30]} 46. h3 {[%emt 0:02:00]} Rf4 {[%emt 0:01:30]} 47. Kh2 {[%emt 0:02:30]} Kd4 {[%emt 0:00:30]} 48. Rd6+ {[%emt 0:02:30]} Kc5 {[%emt 0:01:30]} 49. Rd8 {[%emt 0:01:30]} Bc6 {[%emt 0:01:30]} 50. Re5+ {[%emt 0:03:30]} Kc4 {[%emt 0:01:20]} 51. Re6 {[%emt 0:01:30]} Bd5 {[%emt 0:00:36]} 52. Re3 {[%emt 0:00:30]} c2 {[%emt 0:07:24]} 53. Rc8+ {[%emt 0:01:30]} Kd4 {[%emt 0:00:01]} 54. Re2 {[%emt 0:00:00]} Be4 {[%emt 0:00:10]} 55. Rexc2 {[%emt 0:00:00]} Bxc2 {[%emt 0:00:30]} 56. Rxc2 {[%emt 0:00:30]} Ke5 {[%emt 0:00:06]} 57. Kg3 {[%emt 0:00:00]} Ra4 {[%emt 0:00:23]} 58. Rf2 {[%emt 0:00:00]} Ra8 {[%emt 0:00:00]} 59. h4 {[%emt 0:00:30]} Ra3+ {[%emt 0:00:00]} 60. Rf3 {[%emt 0:00:00]} Ra1 {[%emt 0:00:00]} 61. Kg4 {[%emt 0:01:00]} Ra8 {[%emt 0:00:04]} 62. g3 {[%emt 0:00:00]} Ke4 {[%emt 0:00:23]} 63. Rf1 {[%emt 0:00:00]} Rg8+ {[%emt 0:00:30]} 64. Kh3 {[%emt 0:00:30]} Rh8 {[%emt 0:00:00]} 65. g4 {[%emt 0:00:00]} Kd5 {[%emt 0:00:43]} 1-0

[Event "Turkish Championship 2019"]
[Site "Antalya-Kemer"]
[Date "2019.12.01"]
[Round "9.3"]
[White "Sanal, Vahap"]
[Black "Cansun, Can Alp"]
[Result "1-0"]
[WhiteElo "2545"]
[BlackElo "2203"]
[Annotator "TA"]
[PlyCount "99"]
[EventDate "2019.11.23"]
[EventType "tourn"]
[EventCountry "TUR"]
[SourceTitle "playchess.com"]
[Source "ChessBase"]
[SourceQuality "1"]

{[%evp 18,99,45,39,50,43,47,49,65,66,56,54,72,37,54,50,52,12,54,8,25,0,81,37,26,13,30,25,224,195,187,197,268,263,263,263,274,276,270,258,410,398,408,404,408,431,424,417,422,415,518,502,634,622,595,535,632,588,684,707,730,734,735,689,691,696,690,667,757,755,929,881,915,855,1035,972,1940,1668,7025,8276,12840,12837,12840,12840]} 1. e4 c5 2. Nf3 e6 3. d4 cxd4 4. Nxd4 Nc6 5. Nc3 Qc7 6. g3 a6 7. Bg2 d6 8. Nxc6 bxc6 9. O-O Nf6 10. Na4 Be7 {B80: Sicilian Scheveningen: 6 g3 and 6 Be3, including English Attack} 11. c4 O-O 12. b3 Rb8 {White is slightly better.} 13. Bb2 {[#]} e5 $146 ({Predecessor:} 13... c5 14. f4 Nd7 15. Qe2 Bb7 16. Rae1 Rbd8 17. Nc3 Nb8 18. Qg4 g6 19. f5 Nd7 20. fxe6 {1-0 (52) Morozevich,A (2721)-Svidler,P (2765) Moscow 2006}) 14. Qd2 Be6 15. f4 Qa7+ 16. Kh1 Rbd8 17. Qe2 exf4 18. gxf4 Bg4 19. Qe1 Bh5 (19... Nh5 $11) 20. Qg3 Be2 $1 21. Rfe1 Nh5 $1 {[%cal Rh5g3]} 22. Qc3 Qf2 $2 {[#]} (22... Bg4 $1 $11 {and Black is okay.}) 23. Rxe2 $1 $18 {[%mdl 512]} Qxe2 24. Bf3 $40 {[%mdl 128] White wants a kill.} Qf2 (24... Bf6 $142) 25. Bxh5 {[%csl Gb2][%cal Rc3g7]} Bf6 26. Qg3 Qxg3 27. hxg3 Bxb2 28. Nxb2 d5 (28... f5 {might work better.} 29. exf5 Rxf5) 29. exd5 cxd5 30. c5 d4 {and the idea ...Rd5 leaves Black hopeful.} 31. Nd3 Rfe8 32. Kg2 Re3 33. Rd1 f6 34. b4 {White is clearly winning.} g5 35. fxg5 fxg5 36. Bg4 Rf8 37. c6 Re4 38. Nf2 Re3 39. c7 Rc3 40. c8=Q Rcxc8 41. Bxc8 Rxc8 42. Rxd4 {[%mdl 4096] Endgame KRN-KR} Rc2 43. a4 {[%cal Ba2a4,Ba4a5][%mdl 32]} Ra2 44. a5 Rb2 45. g4 Kg7 46. Kf3 h5 47. Rd7+ Kg8 48. gxh5 Rxb4 49. Ng4 Ra4 50. Rd5 {Accuracy: White = 79%, Black = 33%.} 1-0

[Event "Turkish Championship 2019"]
[Site "Antalya-Kemer"]
[Date "2019.12.01"]
[Round "9.4"]
[White "Ozen, Deniz"]
[Black "Gokerkan, Cem Kaan"]
[Result "1-0"]
[WhiteElo "2422"]
[BlackElo "2452"]
[Annotator "ChessBase"]
[PlyCount "57"]
[EventDate "2019.11.23"]
[EventType "tourn"]
[EventCountry "TUR"]
[SourceTitle "playchess.com"]
[Source "ChessBase"]
[SourceQuality "1"]
[TimeControl "40/5400+30:1800+30"]

1. e4 {[%emt 0:00:30]} c5 {[%emt 0:00:30]} 2. Nf3 {[%emt 0:00:30]} g6 {[%emt 0:00:00]} 3. c3 {[%emt 0:00:00]} Bg7 {[%emt 0:01:00]} 4. Bc4 {[%emt 0:00:00]} e6 {[%emt 0:12:30]} 5. d4 {[%emt 0:04:30]} cxd4 {[%emt 0:02:30]} 6. cxd4 {[%emt 0:00:30]} d5 {[%emt 0:06:30]} 7. exd5 {[%emt 0:08:30]} exd5 {[%emt 0:00:30]} 8. Bb5+ {[%emt 0:08:30]} Nc6 {[%emt 0:19:30]} 9. Bg5 {[%emt 0:16:30]} Nge7 {[%emt 0:02:30]} 10. O-O {[%emt 0:01:30]} O-O {[%emt 0:01:30]} 11. Bxc6 {[%emt 0:17:30]} bxc6 {[%emt 0:00:30]} 12. h3 {[%emt 0:00:30]} Rb8 {[%emt 0:17:30]} 13. Qc1 {[%emt 0:04:30]} Re8 {[%emt 0:02:30]} 14. Nbd2 {[%emt 0:03:30]} f6 {[%emt 0:13:46]} 15. Bf4 {[%emt 0:00:30]} Rb5 {[%emt 0:00:25]} 16. Re1 {[%emt 0:04:30]} g5 {[%emt 0:01:50]} 17. Bh2 {[%emt 0:01:30]} h5 {[%emt 0:04:59]} 18. Nb3 {[%emt 0:08:16]} Bf5 {[%emt 0:02:33]} 19. Qc3 {[%emt 0:03:28]} Qc8 {[%emt 0:04:19]} 20. Nc5 {[%emt 0:01:54]} Bf8 {[%emt 0:01:44]} 21. Qe3 {[%emt 0:07:54]} Kf7 {[%emt 0:01:20]} 22. Nxg5+ {[%emt 0:02:11]} fxg5 {[%emt 0:00:30]} 23. Qxg5 {[%emt 0:00:00]} Rxb2 {[%emt 0:01:30]} 24. Be5 {[%emt 0:03:10]} Ng8 {[%emt 0:00:02]} 25. Re3 {[%emt 0:00:08]} Rxe5 {[%emt 0:00:39]} 26. Rxe5 {[%emt 0:00:24]} Bg6 {[%emt 0:00:38]} 27. Rae1 {[%emt 0:00:36]} Bd6 {[%emt 0:00:27]} 28. Re6 {[%emt 0:00:26]} Be4 {[%emt 0:00:53]} 29. Rxd6 {[%emt 0:00:30]} 1-0